00975nam a22002417a 4500003000400000005001700004008004100021040004600062050002500108100003200133245008700165260006600252300004400318500007300362504005600435546002000491650005300511650003600564650004100600650002200641700003500663700003500698OSt20260417210929.0260316b |||||||| |||| 00| 0 eng d bEnglish.cCvSU-CCAT Campus Library.erda. aUM TJ 1197bS67 2004 aSoriano, Jonell C., author. aDigital compass/divider "Cum" caliper / cJonell C. Soriano, Mark Reden A. Repiso. aRosario, Cavite :bCavite State University-CCAT Campus,c2004 aii, 32 leaves :billustrations ;c28 cm aFeasibility Study (BSIT)--Cavite State University-CCAT Campus, 2004. aIncludes bibliographical references and appendices. aIn English text 0aMeasuring instruments xDesign and construction  0aCalipersxElectronic equipment  0aDividers and compass xInnovatiions  0aFeasibility study aRepiso, Mark Reden A., author  aNepomuceno, Lucena C., adviser